Every Nottingham Forest Premier League Goalscorer Quiz Stats

Quiz not verified by Sporcle

Challenge
Share
Tweet
Embed
Score 0/39 Timer 10:00
0 Plays Today
Season Answer % Correct
1992-93Stuart Pearce
92%
1994-95Stan Collymore
88%
1992-93Steve Stone
86.7%
1994-95Bryan Roy
85.3%
1992-93Ian Woan
84%
1992-93Teddy Sheringham
78.7%
1992-93Nigel Clough
78.7%
1992-93Roy Keane
77.3%
1998-99Steve Chettle
74.7%
1996-97Pierre van Hooijdonk
73.3%
1994-95Colin Cooper
72%
1992-93Scot Gemmill
65.3%
1994-95Jason Lee
65.3%
1995-96Kevin Campbell
65.3%
1996-97Chris Bart-Williams
61.3%
1995-96Des Lyttle
58.7%
1994-95Lars Bohinen
57.3%
1994-95David Phillips
54.7%
1992-93Kingsley Black
50.7%
1998-99Alan Rogers
50.7%
Season Answer % Correct
1998-99Dougie Freedman
44%
1992-93Gary Crosby
40%
1992-93Gary Bannister
38.7%
1998-99Jon Olav Hjelde
37.3%
1996-97Dean Saunders
36%
1998-99Marlon Harewood
36%
1992-93Robert Rosario
33.3%
1998-99Geoff Thomas
32%
1998-99Jean-Claude Darcheville
30.7%
1998-99Neil Shipperley
29.3%
1994-95Paul McGregor
28%
1998-99Thierry Bonalair
28%
1994-95Gary Bull
26.7%
1994-95Alf-Inge Haland
25.3%
1992-93Ray McKinnon
20%
1992-93Toddy Orlygsson
17.3%
1995-96Chris Allen
14.7%
1995-96Bobby Howe
13.3%
1998-99Hugo Profirio
5.3%

You're not logged in!

Compare scores with friends on all Sporcle quizzes.
Sign Up with Email
OR
Log In

Show Comments

Extras

Top Quizzes Today


Score Distribution

Your Account Isn't Verified!

In order to create a playlist on Sporcle, you need to verify the email address you used during registration. Go to your Sporcle Settings to finish the process.